चंद्रमाल्लिका / (Record no. 113379)
[ view plain ]
| 000 -LEADER | |
|---|---|
| fixed length control field | 01395nam a22002777a 4500 |
| 005 - DATE AND TIME OF LATEST TRANSACTION | |
| control field | 20170124102952.0 |
| 010 ## - LIBRARY OF CONGRESS CONTROL NUMBER | |
| LC control number | A-931592 |
| 020 ## - INTERNATIONAL STANDARD BOOK NUMBER | |
| Terms of availability | 150.00 |
| 035 ## - SYSTEM CONTROL NUMBER | |
| System control number | A-931592 |
| 037 ## - SOURCE OF ACQUISITION | |
| Source of stock number/acquisition | Cen Lib/Ret |
| 040 ## - CATALOGING SOURCE | |
| Original cataloging agency | DPL |
| Language of cataloging | HN |
| 082 ## - DEWEY DECIMAL CLASSIFICATION NUMBER | |
| Classification number | उ |
| Item number | महान्ति |
| 100 ## - MAIN ENTRY--PERSONAL NAME | |
| Personal name | महान्ति, अक्षयकुमार |
| 9 (RLIN) | 43015 |
| 245 ## - TITLE STATEMENT | |
| Title | चंद्रमाल्लिका / |
| Statement of responsibility, etc | अक्षयकुमार महान्ति; अनुवाद शक्क्रलाल पुरोहित [एवं] अशोक त्रिपाठी |
| 246 ## - VARYING FORM OF TITLE | |
| Title proper/short title | Chandramallika / |
| Remainder of title | by Akhsykumar Mahanti; anuvadak Shakkarlal Purohil [and] Ashok Tripathi |
| 260 ## - PUBLICATION, DISTRIBUTION, ETC. (IMPRINT) | |
| Place of publication, distribution, etc | इलाहाबाद |
| Name of publisher, distributor, etc | परिलम प्रकाशन |
| Date of publication, distribution, etc | 1996 |
| 270 ## - ADDRESS | |
| Address | 17 , एम.आई,वी. अघम्बरी आवास योजना अल्लाह्पुर |
| City | इलाहाबाद |
| Postal code | 211006 |
| 300 ## - PHYSICAL DESCRIPTION | |
| Extent | 172पृ. |
| Dimensions | 20सेमी(सजिल्द ) |
| 650 ## - SUBJECT ADDED ENTRY--TOPICAL TERM | |
| Topical term or geographic name as entry element | उड़िया साहित्य |
| General subdivision | |
| Geographic subdivision | |
| 9 (RLIN) | 51975 |
| 650 ## - SUBJECT ADDED ENTRY--TOPICAL TERM | |
| Topical term or geographic name as entry element | उड़िया उपन्यास |
| 9 (RLIN) | 51976 |
| 650 ## - SUBJECT ADDED ENTRY--TOPICAL TERM | |
| Topical term or geographic name as entry element | Udiya literature |
| Form subdivision | |
| 9 (RLIN) | 51977 |
| 650 ## - SUBJECT ADDED ENTRY--TOPICAL TERM | |
| Topical term or geographic name as entry element | Udiya fiction |
| 9 (RLIN) | 51978 |
| 700 ## - ADDED ENTRY--PERSONAL NAME | |
| Personal name | पुरोहित, शंकरलाल |
| 9 (RLIN) | 51947 |
| 700 ## - ADDED ENTRY--PERSONAL NAME | |
| Personal name | त्रिपाठी, अशोक |
| 9 (RLIN) | 7808 |
| 942 ## - ADDED ENTRY ELEMENTS (KOHA) | |
| Source of classification or shelving scheme | Dewey Decimal Classification |
| Koha item type | Hindi Books |
| Classification part | उ |
| Call number suffix | महान्ति |
| Withdrawn status | Lost status | Damaged status | Not for loan | Home library | Current library | Date acquired | Source of acquisition | Cost, normal purchase price | Total Checkouts | Full call number | Barcode | Date last seen | Copy number | Cost, replacement price | Price effective from | Koha item type | Public note |
|---|---|---|---|---|---|---|---|---|---|---|---|---|---|---|---|---|---|
| Written off | Central Library | Central Library | 12/08/2015 | Cen Lib/Ret | 150.00 | उ महान्ति | A-931592 | 12/08/2015 | 1 | 150.00 | 12/08/2015 | Hindi Books | Written off on approval by DLB (By Circulation); dtd 15-06-2023 |
